000 00902nam a2200253Ia 4500
003 OSt
005 20220923211223.0
006 a|||||r|||| 00| 0
007 ta
008 220922b |||||||| |||| 00| 0 hin d
020 _a9788170168430 (hbk)
_c350
024 _a265,517
037 _b449, 12/03/2008, Swaraj Prakashan
_cTextual
040 _aARTS
_cARTS
_bhin
041 _2hin
_ahin
082 _aO152:g(Y5927), P7
100 _aतेज सिंह
_9159907
245 0 _aअम्बेडकरवादी साहित्य का समाजशास्त्र
246 _aAmbeḍakaravādī sāhitya kā samājashāstra
260 _aनई दिल्ली
_b किताब घर
_c2007
300 _a304पृ.
_ccm.
942 _hO152:g(Y5927), P7
_cTEXL
_2CC
999 _c297183
_d297183